000 00709nam a2200217 i 4500
001 179539
003 ES-MaACL
005 20240223125337.0
008 111221s2011 sp |||| | spa d
020 _a978-84-938951-6-7
080 _a821.134.2-14"19"
100 1 _aEsteban, José,
_d1935-
_948033
245 1 0 _aPoesía 8++ /
_cJosé Esteban.
260 _a[Madrid] :
_bLibertad 8 :
_bCuadernos del Laberinto,
_c2011.
300 _a31 p. ;
_c17 cm.
490 1 _aHazversidades poéticas ;
_v8 de noviembre
595 _aEjemplar n. 32 de una tirada de 200.
830 0 _aHazversidades poéticas ;
_v8 de noviembre
_9190178
852 _aES-MaACL
_j2310-F-3
999 _c179539
_d179539